Sports Quiz

Random Sports Quiz

Veikkausliiga XIs: VPS Quiz Stats

 Plays Quiz not verified by Sporcle

Challenge
Share
Tweet
Embed
Score 0/176 Timer 20:00
0 Plays Today
% Correct
Henri Sillanpää
92.3%
Henri Sillanpää
92.3%
Henri Sillanpää
92.3%
Henri Sillanpää
92.3%
Henri Sillanpää
92.3%
Henri Sillanpää
92.3%
Henri Sillanpää
90.6%
Ville Koskimaa
88.7%
Ville Koskimaa
85.5%
Ville Koskimaa
85.5%
Ville Koskimaa
85.5%
Ville Koskimaa
85.5%
Ville Koskimaa
85.5%
Steven Morrissey
81.2%
Jyrki Huhtamäki
79.5%
Jyrki Huhtamäki
79.5%
Jyrki Huhtamäki
79.5%
Jyrki Huhtamäki
79.5%
Jyrki Huhtamäki
79.5%
Tony Björk
79.2%
Sebastian Strandvall
79.2%
Jyrki Saranpää
76.9%
Jyrki Saranpää
76.9%
Tony Björk
76.9%
Jyrki Saranpää
76.9%
Tony Björk
76.9%
Jyrki Saranpää
76.9%
Tony Björk
76.9%
Jyrki Saranpää
76.9%
Tony Björk
76.9%
Jyrki Saranpää
76.9%
Jarno Parikka
76.1%
Jussi Jääskeläinen
75.2%
Jussi Jääskeläinen
75.2%
Janne Henriksson
75.2%
Jyrki Saranpää
69.8%
Jens Nygård
69.2%
Jens Nygård
69.2%
Jens Nygård
69.2%
Jens Nygård
69.2%
Jens Nygård
69.2%
Jens Nygård
69.2%
Ville Priha
67.5%
Ville Priha
67.5%
Ville Priha
67.5%
Ville Priha
67.5%
Tomas Nygård
66.7%
Björn Stringheim
65.8%
Björn Stringheim
65.8%
Jyri Hietaharju
65.8%
Jyri Hietaharju
65.8%
Jyri Hietaharju
65.8%
Jyri Hietaharju
65.8%
Jyri Hietaharju
65.8%
Jyri Hietaharju
65.8%
Cheyne Fowler
65.8%
Antti Uimaniemi
62.4%
Antti Uimaniemi
62.4%
Jarno Parikka
62.3%
% Correct
Juha Reini
59.8%
Juha Reini
59.8%
Harri Kevari
58.1%
Harri Kevari
58.1%
Harri Kevari
58.1%
Toni Hahto
58.1%
Toni Hahto
58.1%
Jussi Aalto
58.1%
Bouna Coundoul
57.3%
Jukka Sauso
56.4%
Valtter Laaksonen
56.4%
Tomi Sauso
55.6%
Antonio Inutile
55.6%
Antonio Inutile
55.6%
Jani Lyyski
55.6%
Jani Tanska
55.6%
Antonio Inutile
55.6%
Henri Scheweleff
54.7%
Kwon Jung-Hyuk
54.7%
Juha Karvinen
53.8%
Juha Karvinen
53.8%
Juha Karvinen
53.8%
Tero Koskela
53.8%
Tommi Kautonen
53%
Tommi Kautonen
53%
Tommi Kautonen
53%
Tommi Kautonen
53%
Riku Heini
52.1%
Riku Heini
52.1%
Marko Suoste
51.3%
Marko Suoste
51.3%
Mike Peltola
51.3%
Marko Suoste
51.3%
Mike Peltola
51.3%
Marko Suoste
51.3%
Mike Peltola
51.3%
Marko Suoste
51.3%
Mike Peltola
51.3%
Jari Jäväjä
50.4%
Jari Jäväjä
50.4%
Jari Jäväjä
50.4%
O'Brian Woodbine
47.9%
Ansi Agolli
46.2%
Ansi Agolli
46.2%
Christoffer Kloo
45.3%
Jani Peltola
45.3%
Christoffer Kloo
45.3%
Christoffer Kloo
45.3%
Tomer Chencinski
45.3%
Petri Kokko
44.4%
Petri Kokko
44.4%
Tero Taipale
44.4%
Denis Abdulahi
44.4%
Christian Sund
43.6%
Christian Sund
43.6%
Christian Sund
43.6%
Antti Uimaniemi
43.4%
Tomasz Arceusz
42.7%
Tomasz Arceusz
42.7%
% Correct
Tomi Kinnunen
42.7%
Pekka Kainu
41.9%
Ulf Kortesniemi
41%
Ollo
41%
Jani Sarajärvi
40.2%
Liam O'Neil
40.2%
Jussi Äijälä
39.3%
Jussi Äijälä
39.3%
Roy Essandoh
38.5%
Joonas Ikäläinen
38.5%
Joonas Ikäläinen
38.5%
Joonas Ikäläinen
38.5%
Jani Uotinen
37.6%
Juuso Kangaskorpi
36.8%
Juuso Kangaskorpi
36.8%
Miika Ekström
36.8%
Miika Ekström
36.8%
Tomi Ameobi
35.8%
Augustine Jibrin
34.2%
Keijo Huusko
33.3%
Janne Hietanen
32.5%
Janne Hietanen
32.5%
Markus Paija
32.5%
Jan Berg
32.5%
Anthony Dafaa
32.1%
Lawrence Smith
31.6%
Sami Salmi
31.6%
Mika Kouhi
30.8%
Edgar Bernhardt
30.8%
Reijo Palovuori
26.5%
Sasu Iivonen
26.5%
Sasu Iivonen
26.5%
Sasu Iivonen
26.5%
Kimmo Lipponen
26.5%
Ville Laakkonen
26.5%
Jussi-Pekka Savolainen
25.6%
Atte Hoivala
24.5%
Patrik Lomski
24.5%
Jaakko Nyberg
23.9%
Tuomas Uusimäki
23.9%
Jaakko Nyberg
23.9%
Arto Sivonen
21.4%
Arto Sivonen
21.4%
Arto Sivonen
21.4%
Teemu Jaakkola
20.5%
Teemu Jaakkola
20.5%
Teemu Jaakkola
20.5%
Jasse Jalonen
19.7%
Kazimierz Buda
18.8%
Kimmo Hörkkö
18.8%
Tero Suominen
17.1%
Mikko Korhonen
16.2%
Vladimir Stroganov
12%
Juho Kirjonen
12%
Rami Rintanen
11.1%
Jacek Perzyk
11.1%
Denis Kostintshuk
11.1%
Miikka Kajander
10.3%

You're not logged in!

Compare scores with friends on all Sporcle quizzes.
OR
Log In

You Might Also Like...

Show Comments

Extras

Created Mar 15, 2013SourceReportNominate
Tags:veikkausliiga

Top Quizzes Today


Score Distribution

Your Account Isn't Verified!

In order to create a playlist on Sporcle, you need to verify the email address you used during registration. Go to your Sporcle Settings to finish the process.

Report this User

Report this user for behavior that violates our Community Guidelines.

Details: